000
00412nam a2200145Ia 4500
008
100122s9999 xx 000 0 und d
082
_b
34237
_a
823.08
100
_a
कापडी विजय
245
_a
बेंडबाजा
260
_b
सुपर्ण प्रकाशन
_c
1983
300
_a
145
630
_a
बेंडबाजा
730
_a
बेंडबाजा
942
_c
BOOK
999
_c
418075
_d
418072